| 000 | 00577nam a2200205Ia 4500 | ||
|---|---|---|---|
| 003 | OSt | ||
| 005 | 20250812111530.0 | ||
| 020 | _a978-93-85999-74-1 | ||
| 040 | _cLC | ||
| 050 |
_aQP 518.5 .V 37 2016 _b7 |
||
| 100 | _aVASUDEVAN, D.M. | ||
| 245 | 0 | _aTEXTBOOK OF BIOCHEMISTRY FOR MEDICAL STUDENTS | |
| 250 | _a8 | ||
| 260 |
_aNEW DELHI, _bJaypee Brothers Medical Publishers (P) _c2016, |
||
| 300 | _aXVi, 718 P, ILL | ||
| 500 | _aINCLUDES INDEX | ||
| 650 | _aBiochemistry, MCQs and Self-assessment | ||
| 700 | _aS SREEKUMARI, VAIDYANATHAN KANNAN | ||
| 942 |
_cBK _2lcc _n0 |
||
| 999 |
_c193831 _d193831 |
||